| 000 | 00839nas a2200265 i 4500 | ||
|---|---|---|---|
| 001 | 276 | ||
| 003 | ES-MaACL | ||
| 005 | 20250814062532.0 | ||
| 007 | t| | ||
| 008 | 950801d19241930cu | | 1 ||pa d | ||
| 080 | _a39 | ||
| 245 | 0 | 0 |
_aArchivos del folklore cubano / _cdir. Fernando Ortiz. |
| 260 |
_aLa Habana : _bSociedad del Folklore Cubano, _c1924-1930 ( _fImp. El Siglo XX) |
||
| 300 |
_av. : _bil. ; _c25 cm. |
||
| 310 | _aSemestral | ||
| 362 | 1 | _aVol. 1 (Ener. 1924)-vol -5(jul./sept.1930) | |
| 650 | 4 |
_aInstituciones científicas y diversas _913829 |
|
| 650 | 4 |
_aAntropología. Etnología. _99890 |
|
| 650 | 4 |
_aFolklore- _zCuba. _9170481 |
|
| 700 | 1 |
_aOrtiz, Fernando, _edir. _987553 |
|
| 710 | 2 |
_aSociedad de Folklore Cubano (La Habana) _96675 |
|
| 852 |
_aES-MaACL _jC-8108-09 |
||
| 866 | 0 | _o1924-26. | |
| 999 |
_c276 _d276 |
||